| 000 | 004350000a22001570004500 | ||
|---|---|---|---|
| 003 | LK-CoMWRAF | ||
| 008 | 230817t ||||| |||| 00| 0 eng d | ||
| 040 |
_aLK-CoMWRAF _dLK-CoMWRAF _eLK-CoMWRAF |
||
| 041 | _aeng | ||
| 082 |
_a330 _bPEN |
||
| 245 |
_aPengalukkethiraana Vanmuraiyum Samoogaththin Pangalippum _b |
||
| 260 |
_bSolidarity Centre & Shakti _aSri Lanka _c |
||
| 300 | _ap.39 | ||
| 650 | _aViolence Against Women | ||
| 942 | _cBK | ||
| 999 |
_c2347 _d2347 |
||